Stadi più grandi d'Italia - Statistics

Statistiche generali
  • Questo quiz è stato fatto 87 volte
  • Il punteggio medio è 12 su 20
Statistiche sulle risposte
Posizione Capienza Stadio % Corretto
1 75.923 San Siro/Giuseppe Meazza
100%
2 70.634 Olimpico
99%
4 54.726 Diego Armando Maradona
94%
6 41.507 Allianz Stadium
88%
5 43.147 Artemio Franchi
82%
14 28.177 Olimpico Grande Torino
82%
3 58.270 San Nicola
82%
10 36.462 Renato Dall'Ara
80%
13 31.045 Marcantonio Bentegodi
73%
9 36.599 Luigi Ferraris
71%
20 22.515 Gewiss Stadium
66%
12 31.533 Via del Mare
65%
11 36.365 Renzo Barbera
60%
8 37.180 Arechi
46%
17 25.132 Bluenergy Stadium
46%
16 26.200 Nereo Rocco
23%
15 26.343 Oreste Granillo
22%
7 38.722 San Filippo/Franco Scoglio
20%
19 23.625 Renato Curi
14%
18 23.976 Del Conero
6%
Nessun quiz corrispondente trovato
Distribuzione punteggi
Percentuale di utenti per punteggio
Percentile per numero di risposta
I tuoi punteggi nel tempo
Non hai fatto questo quiz